000 00678nam a2200253Ia 4500
001 29905
005 20240114001153.0
007 ta
008 060707s1951 g b000 u 465 u
040 _aCotton College,Assam
041 _a465
082 _a294
_bH 756 Sa
100 _aHoens, Dirk Jan .
245 0 _aSanti: A Contribution to Ancient Indian Religious Terminology /
_cDirk Jan Hoens.
_hTextual Documents
250 _a1st ed. /
260 _aNederland :
_bS-Gravenhage ,
_c1951.
300 _a189p. ;
_c22cm.
653 _aReligion-India
653 _aG-Religion
942 _2ddc
_cBK
999 _c29887
_d29887